Statistics for 1-Syllable Rhyming Answers #1

Click here to take the quiz!

General Stats

  • This quiz has been taken 28,177 times
    (28,112 since last reset)
  • The average score is 16 of 21

Answer Stats

HIntAnswer% Correct
Obese RodentFat Rat
96%
Angry FatherMad Dad
93%
Automobile PubCar Bar
90%
Beige TiaraBrown Crown
86%
Sneaker AdhesiveShoe Glue
85%
Ship JacketBoat Coat
84%
Hog ToupeePig Wig
84%
Ten-Cent CitrusDime Lime
83%
Seafood PlateFish Dish
81%
Mid-Day SongNoon Tune
80%
Soda StorePop Shop
79%
Nice MerlotFine Wine
76%
Hoop MonarchRing King
72%
Crooked TeepeeBent Tent
70%
Optical ManEye Guy
69%
Chicken CoopHen Pen
67%
Affectionate PigeonLove Dove
67%
Money PartyCash Bash
63%
Inconsiderate GuyRude Dude
57%
Correspondence BucketMail Pail
55%
Three-Foot WatchmanYard Guard
43%

Score Distribution

Percentile by Number Answered

Percent of People with Each Score

Your Score History

You have not taken this quiz since the last reset